Duchamp / (Record no. 354004)

000 -LEADER
fixed length control field 02398nam a2200325 a 4500
001 - CONTROL NUMBER
control field ASIN3836543931
003 - CONTROL NUMBER IDENTIFIER
control field OSt
005 - DATE AND TIME OF LATEST TRANSACTION
control field 20180116192424.0
008 - FIXED-LENGTH DATA ELEMENTS--GENERAL INFORMATION
fixed length control field 140828s2013 xxu eng d
020 ## - INTERNATIONAL STANDARD BOOK NUMBER
International Standard Book Number 3836543931 (hardcover)
020 ## - INTERNATIONAL STANDARD BOOK NUMBER
International Standard Book Number 9783836543934 (hardcover)
040 ## - CATALOGING SOURCE
Transcribing agency sada
050 04 - LIBRARY OF CONGRESS CALL NUMBER
Classification number N6853.D8
082 04 - DEWEY DECIMAL CLASSIFICATION NUMBER
Classification number 709.2
100 1# - MAIN ENTRY--PERSONAL NAME
Personal name Mink, Janis.
9 (RLIN) 7752
245 10 - TITLE STATEMENT
Title Duchamp /
Statement of responsibility, etc. Janis Mink.
260 ## - PUBLICATION, DISTRIBUTION, ETC.
Place of publication, distribution, etc. [S.l.] :
Name of publisher, distributor, etc. Taschen,
Date of publication, distribution, etc. 2013.
300 ## - PHYSICAL DESCRIPTION
Extent 96 p. ;
Dimensions 31 cm.
490 1# - SERIES STATEMENT
Series statement Basic art.
520 ## - SUMMARY, ETC.
Summary, etc. Readymade man: The anticonformist visionary   Marcel Duchamp (1887–1968), revolutionary artist, inventor of readymades, obsessive chess player, and master of the silent statement, succeeded at the beginning of the 20th century to query art in its traditional form. His creations, not least his readymades such as the famous Fountain (a "reclaimed" urinal) or the Bottle Rack , are subversive and radical upshots of a critical confrontation with the production and marketing of art in the industrial age. While the young Duchamp still admired Monet, Fauvism, and Cubism, and for a while was quite closely aligned with the Dadaists and Surrealists, before long his work broke new ground and helped redefine art as we know it today. The fact that Duchamp wanted to ensure that the self-irony and doubt, particularly in his own works, were constructively understood is best shown in one of his few statements on the subject: “I force myself to contradict myself in order to avoid conforming to my own taste.” Duchamp has long been an enigma to art historians while a great source of inspiration to other artists. This study addresses the myth and the reality, revealing a compelling portrait of Marcel Duchamp, the man and the artist.   About the Series: Each book in TASCHEN’s Basic Art series features: a detailed chronological summary of the life and oeuvre of the artist, covering his or her cultural and historical importance a concise biography approximately 100 illustrations with explanatory captions.
650 #0 - SUBJECT ADDED ENTRY--TOPICAL TERM
Topical term or geographic name entry element Art, French
9 (RLIN) 7753
650 #0 - SUBJECT ADDED ENTRY--TOPICAL TERM
Topical term or geographic name entry element Art, Modern
9 (RLIN) 7754
650 #0 - SUBJECT ADDED ENTRY--TOPICAL TERM
Topical term or geographic name entry element Artists
9 (RLIN) 7755
650 #0 - SUBJECT ADDED ENTRY--TOPICAL TERM
Topical term or geographic name entry element Duchamp, Marcel, 1887-1968
9 (RLIN) 7756
650 #0 - SUBJECT ADDED ENTRY--TOPICAL TERM
Topical term or geographic name entry element France
9 (RLIN) 7757
650 #0 - SUBJECT ADDED ENTRY--TOPICAL TERM
Topical term or geographic name entry element Surrealism
9 (RLIN) 7758
830 #0 - SERIES ADDED ENTRY--UNIFORM TITLE
Uniform title Basic art.
9 (RLIN) 7759
856 40 - ELECTRONIC LOCATION AND ACCESS
Materials specified Amazon.com
Uniform Resource Identifier <a href="http://www.amazon.com/exec/obidos/ASIN/3836543931/chopaconline-20">http://www.amazon.com/exec/obidos/ASIN/3836543931/chopaconline-20</a>
942 ## - ADDED ENTRY ELEMENTS (KOHA)
Source of classification or shelving scheme
Koha item type Book
Holdings
Withdrawn status Lost status Source of classification or shelving scheme Damaged status Not for loan Permanent Location Current Location Date acquired Total Checkouts Total Renewals Full call number Barcode Date last seen Date last checked out Price effective from Koha item type
          School of Art Design and Architecture (SADA) School of Art Design and Architecture (SADA) 08/27/2014 3 1 709.2 MIN 2013 SADA0002372 04/20/2016 04/01/2016 08/28/2014 Book
© 2023 Central Library, National University of Sciences and Technology. All Rights Reserved.